000 00343nam a22001457a 4500
003 OSt
005 20160727222410.0
008 160624b xxu||||| |||| 00| 0 eng d
040 _cTEST
100 _9954
_aSeshan, T.N
245 _aA heart Full of Burden
260 _aNEW DELHI
_bUBS
_c1995
300 _aA heart Full of Burden
942 _2ddc
_cBK
999 _c760
_d760